Moderní obchod časopis pro úspěch v prodeji

Enregistré dans:
Détails bibliographiques
Format: Publication en série
Langue:tchèque
slovaque
Publié: Praha České a slovenské odborné nakladatelství 2000
Sujets:
Tags: Ajouter un tag
Pas de tags, Soyez le premier à ajouter un tag!

MARC

LEADER 00000nas2a2200000 4500
001 s124766
005 20221221071132.5
022 |a 1210-4094 
041 0 |a cze 
041 0 |a slo 
044 |a CZ 
245 1 0 |a Moderní obchod  |b časopis pro úspěch v prodeji 
264 1 |a Praha  |b České a slovenské odborné nakladatelství  |c 2000 
300 |a 2 zv. 
773 0 |w eu_un_cat*s120061 
610 2 0 |a obchod 
610 2 0 |a predaj